1511 1293 1726 1936 1948 1606 1572 1687 1411 1607 1264 1639 1813 1526 1054 1586 1255 1986 1320 1885 1023 1930 1222 1234 1085 1098 1951 1767 1400 1505 1802 1019 1970 1036 1927 1557 1413 1545 1103 1269 1621 1539 1105 1335 1599 1960 1931 1457 1985 1189 1415 1861 1233 1464 1186 1526 1101 1379 1371 1711 1555 1371 1650 1386 1323 1545 1322 1567 1812 1893 1765 1806 1483 1072 1900 1826 1454 1941 1025 1737 1903 1086 1688 1781 1684 1498 1092 1315 1488 1430 1170 1843 1452 1728 1108 1826 1747 1235 1565 BCNSPRNW ULIB Ver.6.0+V

เปลี่ยนเป็นภาษาไทย

Change to English
 แสดงรายละเอียดบรรณานุกรม
  กลับหน้าหลัก

Brief Record : Get Marc (ISO 2709) : E-mail record : QR code < ปิดหน้าต่าง
LEADER : 00000nam 2200000uu 4500
001    13399127968
003     ULIB
008    020711s2563 th a 000 0 tha d
020    ^a9786169307495
050    ^aนว.^bภ-ม
100    ^aภัสรสา
245    ^aมนตร์อัคคี
250    ^aพิมพ์ครั้งที่ 1
260    ^aกรุงเทพฯ :^bภัสรสา, บจก.,^c2563
300    ^a302 หน้า;^b21 ซม.
650    ^aนวนิยาย
945    ^p295^l0^i008558
999    ^aประนอม เกษจรัล
รายการนี้ยังไม่มีแท็ก
คุณยังไม่ได้ล็อกอิน คุณสามารถมีกิจกรรมร่วมกับเว็บไซต์ได้ แต่ต้องล็อกอินก่อน ::
  ล็อกอิน

รายการสื่อสารสนเทศ

ลำดับที่ ประเภท เลขเรียก/บาร์โค้ด สถานที่ สถานะ
1. นวนิยาย
นวนิยาย
นว. ภ-ม ฉ.1 
  Barcode: 008558
ห้องสมุดวิทยาเขตสวรรค์ประชารักษ์
►นวนิยาย
บนชั้น
  ขอยืม

รายการใกล้เคียง
    ชื่อเรื่อง [มนตร์อัคคี]

    ผู้แต่ง [ภัสรสา]

    หัวเรื่อง [นวนิยาย]

BibComment


ยังไม่เคยถูกคอมเมนท์

คอมเมนท์ทรัพยากรรายการนี้
  คอมเมนท์: มนตร์อัคคี


 Copyright 2026. Bcnsprnw @Library